[Event "2nd Kalyan Dombivali 2019"]
[Site "Kalyan"]
[Date "2019.01.30"]
[Round "2.15"]
[White "Harshsingh, Negi"]
[Black "Javheri, Jaydev"]
[Result "0-1"]
[WhiteElo "1246"]
[BlackElo "1675"]
[Annotator "NA RC"]
[PlyCount "100"]
[EventDate "2019.01.28"]
[EventType "swiss"]
[EventRounds "10"]
[EventCountry "IND"]
[SourceTitle "playchess.com"]
[Source "ChessBase"]
[SourceQuality "1"]
[TimeControl "5400+30"]

1. e4 {[%emt 0:00:00]} c5 {[%emt 0:00:00]} 2. Nf3 {[%emt 0:01:53]} d6 {[%emt 0:00:00]} 3. Nc3 {[%emt 0:05:13]} Nc6 {[%emt 0:01:12]} 4. Be2 {[%emt 0:11:58]} Nf6 {[%emt 0:00:19]} 5. d4 {[%emt 0:03:52]} cxd4 {[%emt 0:00:28]} 6. Nxd4 {[%emt 0:00:30]} e6 {[%emt 0:00:30]} 7. Be3 {[%emt 0:07:23]} Be7 {[%emt 0:00:15]} 8. Nxc6 {[%emt 0:05:19]} bxc6 {[%emt 0:00:10]} 9. Qd2 {[%emt 0:00:55]} O-O {[%emt 0:00:27]} 10. g4 {[%emt 0:07:27]} d5 {[%emt 0:00:50]} 11. e5 {[%emt 0:04:13]} Nd7 {[%emt 0:00:19]} 12. g5 {[%emt 0:11:40]} c5 {[%emt 0:05:20]} 13. Bf4 {[%emt 0:02:15]} a6 {[%emt 0:05:00]} 14. Qd3 {[%emt 0:06:21]} Bxg5 {[%emt 0:02:53]} 15. Qg3 {[%emt 0:03:46]} Bxf4 {[%emt 0:00:29]} 16. Qxf4 {[%emt 0:00:05]} Qc7 {[%emt 0:00:36]} 17. Rg1 {[%emt 0:01:22]} Qxe5 {[%emt 0:01:10]} 18. Qh6 {[%emt 0:00:11]} Kh8 {[%emt 0:00:34]} 19. Qh4 {[%emt 0:00:38]} Qf6 {[%emt 0:03:00]} 20. Qg3 {[%emt 0:01:09]} Qg6 {[%emt 0:01:20]} 21. Qxg6 {[%emt 0:00:44]} fxg6 {[%emt 0:02:53]} 22. f3 {[%emt 0:01:44]} Ne5 {[%emt 0:01:20]} 23. Kf2 {[%emt 0:00:15]} Bd7 {[%emt 0:00:39]} 24. Rg5 {[%emt 0:00:24]} Rf5 {[%emt 0:02:08]} 25. Rag1 {[%emt 0:00:36]} Bc6 {[%emt 0:06:45]} 26. Rxf5 {[%emt 0:00:41]} gxf5 {[%emt 0:00:41]} 27. f4 {[%emt 0:00:34]} Ng6 {[%emt 0:00:39]} 28. Kg3 {[%emt 0:00:15]} d4 {[%emt 0:01:26]} 29. Nd1 {[%emt 0:00:29]} Bd5 {[%emt 0:07:18]} 30. Bf3 {[%emt 0:01:07]} Bxf3 {[%emt 0:03:33]} 31. Kxf3 {[%emt 0:00:12]} Kg8 {[%emt 0:00:22]} 32. Nf2 {[%emt 0:00:27]} e5 {[%emt 0:01:58]} 33. fxe5 {[%emt 0:00:28]} Nxe5+ {[%emt 0:00:08]} 34. Kf4 {[%emt 0:00:13]} Nc4 {[%emt 0:00:17]} 35. b3 {[%emt 0:00:10]} Ne3 {[%emt 0:00:23]} 36. Nd3 {[%emt 0:00:31]} Rc8 {[%emt 0:01:01]} 37. Rc1 {[%emt 0:00:42]} h6 {[%emt 0:02:00]} 38. c3 {[%emt 0:00:17]} Nd5+ {[%emt 0:00:35]} 39. Kxf5 {[%emt 0:00:48]} Nxc3 {[%emt 0:00:06]} 40. Ke5 {[%emt 0:00:34]} c4 {[%emt 0:08:33]} 41. Nb2 {[%emt 0:03:22]} cxb3 {[%emt 0:00:26]} 42. axb3 {[%emt 0:00:45]} Re8+ {[%emt 0:02:14]} 43. Kd6 {[%emt 0:00:38]} Rb8 {[%emt 0:02:08]} 44. Nd3 {[%emt 0:00:32]} Rxb3 {[%emt 0:00:23]} 45. Nc5 {[%emt 0:00:42]} Rb6+ {[%emt 0:05:31]} 46. Kc7 {[%emt 0:00:20]} Nd5+ {[%emt 0:00:32]} 47. Kd7 {[%emt 0:00:18]} Nb4 {[%emt 0:00:53]} 48. Kc7 {[%emt 0:00:39]} Rf6 {[%emt 0:01:23]} 49. Rc4 {[%emt 0:00:15]} a5 {[%emt 0:00:53]} 50. Nb7 {[%emt 0:00:24]} Rc6+ {[%emt 0:02:02]} 0-1

[Event "2nd Kalyan Dombivali 2019"]
[Site "Kalyan"]
[Date "2019.01.30"]
[Round "2.16"]
[White "Shreyas, Ghadi"]
[Black "Kunnekar, Vanshri"]
[Result "1-0"]
[WhiteElo "1653"]
[BlackElo "1269"]
[Annotator "NA RC"]
[PlyCount "91"]
[EventDate "2019.01.28"]
[EventType "swiss"]
[EventRounds "10"]
[EventCountry "IND"]
[SourceTitle "playchess.com"]
[Source "ChessBase"]
[SourceQuality "1"]
[TimeControl "5400+30"]

1. d4 {[%emt 0:11:10]} d5 {[%emt 0:00:00]} 2. c4 {[%emt 0:00:37]} c6 {[%emt 0:00:21]} 3. Nc3 {[%emt 0:00:04]} Nf6 {[%emt 0:00:08]} 4. cxd5 {[%emt 0:00:03]} cxd5 {[%emt 0:00:15]} 5. Bf4 {[%emt 0:00:03]} Bf5 {[%emt 0:00:34]} 6. e3 {[%emt 0:00:27]} e6 {[%emt 0:00:11]} 7. Qb3 {[%emt 0:01:02]} Qd7 {[%emt 0:02:19]} 8. Bxb8 {[%emt 0:00:11]} a6 {[%emt 0:01:23]} 9. Be5 {[%emt 0:00:07]} Be7 {[%emt 0:00:10]} 10. Nf3 {[%emt 0:00:32]} O-O {[%emt 0:00:11]} 11. Be2 {[%emt 0:00:05]} Rfc8 {[%emt 0:01:44]} 12. O-O {[%emt 0:00:13]} Ne4 {[%emt 0:00:07]} 13. Rac1 {[%emt 0:02:07]} h5 {[%emt 0:02:06]} 14. Bg3 {[%emt 0:04:11]} f6 {[%emt 0:08:50]} 15. Nxe4 {[%emt 0:01:00]} dxe4 {[%emt 0:00:32]} 16. Nh4 {[%emt 0:00:03]} Bg4 {[%emt 0:01:34]} 17. Bxg4 {[%emt 0:00:10]} hxg4 {[%emt 0:00:08]} 18. Ng6 {[%emt 0:00:13]} Bd6 {[%emt 0:01:19]} 19. Bxd6 {[%emt 0:00:15]} Qxd6 {[%emt 0:00:03]} 20. Qxb7 {[%emt 0:01:01]} Rcb8 {[%emt 0:00:44]} 21. Qxe4 {[%emt 0:00:16]} f5 {[%emt 0:01:19]} 22. Qf4 {[%emt 0:00:45]} Qxf4 {[%emt 0:03:59]} 23. Nxf4 {[%emt 0:00:16]} Rxb2 {[%emt 0:00:33]} 24. Nxe6 {[%emt 0:00:13]} Rxa2 {[%emt 0:00:06]} 25. Nc5 {[%emt 0:00:12]} a5 {[%emt 0:00:33]} 26. Ra1 {[%emt 0:00:05]} Rc2 {[%emt 0:01:04]} 27. g3 {[%emt 0:00:07]} Rc4 {[%emt 0:01:51]} 28. Ra4 {[%emt 0:00:20]} Rc2 {[%emt 0:00:25]} 29. Rb1 {[%emt 0:00:14]} g5 {[%emt 0:01:38]} 30. Ne6 {[%emt 0:02:52]} f4 {[%emt 0:01:23]} 31. gxf4 {[%emt 0:00:04]} gxf4 {[%emt 0:00:09]} 32. Nxf4 {[%emt 0:00:03]} Rd2 {[%emt 0:01:07]} 33. Rba1 {[%emt 0:00:31]} Rc8 {[%emt 0:00:15]} 34. R4a2 {[%emt 0:00:04]} Rxa2 {[%emt 0:00:28]} 35. Rxa2 {[%emt 0:00:01]} Kf7 {[%emt 0:00:28]} 36. Rxa5 {[%emt 0:00:04]} Kf6 {[%emt 0:00:02]} 37. Kg2 {[%emt 0:00:50]} Rc2 {[%emt 0:00:15]} 38. d5 {[%emt 0:00:12]} Ke5 {[%emt 0:00:16]} 39. Ra6 {[%emt 0:00:03]} Rd2 {[%emt 0:00:15]} 40. Kg3 {[%emt 0:00:23]} Kf5 {[%emt 0:00:11]} 41. Re6 {[%emt 0:00:17]} Rd4 {[%emt 0:07:08]} 42. exd4 {[%emt 0:00:32]} Kg5 {[%emt 0:00:22]} 43. d6 {[%emt 0:00:10]} Kf5 {[%emt 0:00:12]} 44. d7 {[%emt 0:00:03]} Kg5 {[%emt 0:00:17]} 45. d8=B+ Kf5 {[%emt 0:00:09]} 46. Re5# {[%emt 0:00:09]} 1-0

[Event "2nd Kalyan Dombivali 2019"]
[Site "Kalyan"]
[Date "2019.01.30"]
[Round "2.17"]
[White "Shubham, Rahul Kamble"]
[Black "Ankur, Mahesh Gokhale"]
[Result "0-1"]
[WhiteElo "1244"]
[BlackElo "1628"]
[Annotator "NA RC"]
[PlyCount "104"]
[EventDate "2019.01.28"]
[EventType "swiss"]
[EventRounds "10"]
[EventCountry "IND"]
[SourceTitle "playchess.com"]
[Source "ChessBase"]
[SourceQuality "1"]
[TimeControl "5400+30"]

1. e4 {[%emt 0:00:00]} c5 {[%emt 0:00:00]} 2. d4 {[%emt 0:00:00]} cxd4 {[%emt 0:00:00]} 3. c3 {[%emt 0:00:00]} Nf6 {[%emt 0:00:02]} 4. e5 {[%emt 0:00:00]} Nd5 {[%emt 0:00:08]} 5. cxd4 {[%emt 0:00:00]} e6 {[%emt 0:00:18]} 6. Nf3 {[%emt 0:01:41]} b6 {[%emt 0:00:06]} 7. Nc3 {[%emt 0:01:16]} Bb7 {[%emt 0:00:11]} 8. Bc4 {[%emt 0:01:17]} Nxc3 {[%emt 0:01:35]} 9. bxc3 {[%emt 0:00:03]} Qc7 {[%emt 0:00:53]} 10. Qd3 {[%emt 0:04:55]} Nc6 {[%emt 0:09:54]} 11. O-O {[%emt 0:10:18]} Na5 {[%emt 0:07:05]} 12. Bb3 {[%emt 0:10:30]} Rc8 {[%emt 0:04:29]} 13. Bd2 {[%emt 0:00:29]} Nc4 {[%emt 0:00:35]} 14. Bxc4 {[%emt 0:08:38]} Qxc4 {[%emt 0:00:19]} 15. Qe3 {[%emt 0:03:29]} Qd5 {[%emt 0:04:47]} 16. Ne1 {[%emt 0:07:49]} Qe4 {[%emt 0:02:53]} 17. Qxe4 {[%emt 0:04:35]} Bxe4 {[%emt 0:00:08]} 18. f3 {[%emt 0:01:10]} Bd5 {[%emt 0:00:49]} 19. Nc2 {[%emt 0:01:21]} Bc4 {[%emt 0:07:12]} 20. Rfc1 {[%emt 0:02:44]} d5 {[%emt 0:02:01]} 21. a4 {[%emt 0:02:02]} a5 {[%emt 0:03:52]} 22. Rcb1 {[%emt 0:07:02]} Bd3 {[%emt 0:14:19]} 23. Rb2 {[%emt 0:00:24]} Rc6 {[%emt 0:06:13]} 24. Na3 {[%emt 0:05:08]} Be7 {[%emt 0:04:27]} 25. Kf2 {[%emt 0:01:29]} Bd8 {[%emt 0:07:05]} 26. Ke3 {[%emt 0:01:56]} Bc4 {[%emt 0:01:40]} 27. Nb5 {[%emt 0:02:21]} Bxb5 {[%emt 0:00:11]} 28. axb5 {[%emt 0:02:29]} Rc4 {[%emt 0:00:19]} 29. Rba2 {[%emt 0:00:05]} f6 {[%emt 0:04:11]} 30. Ra4 {[%emt 0:01:33]} Rxa4 {[%emt 0:01:21]} 31. Rxa4 {[%emt 0:00:03]} fxe5 {[%emt 0:01:14]} 32. dxe5 {[%emt 0:00:17]} Be7 {[%emt 0:01:19]} 33. Kd3 {[%emt 0:01:17]} Bc5 {[%emt 0:05:18]} 34. Be3 {[%emt 0:00:06]} Bxe3 {[%emt 0:00:18]} 35. Kxe3 {[%emt 0:00:02]} Ke7 {[%emt 0:00:17]} 36. c4 {[%emt 0:01:16]} Rc8 {[%emt 0:04:57]} 37. Kd4 {[%emt 0:06:31]} Rc5 {[%emt 0:00:42]} 38. cxd5 {[%emt 0:01:17]} Rxd5+ {[%emt 0:00:07]} 39. Ke4 {[%emt 0:02:24]} Rxb5 {[%emt 0:00:07]} 40. f4 {[%emt 0:01:00]} Rb2 {[%emt 0:01:19]} 41. Kf3 {[%emt 0:00:49]} Rd2 {[%emt 0:00:23]} 42. h4 {[%emt 0:01:07]} Rd7 {[%emt 0:02:04]} 43. g4 {[%emt 0:01:17]} Ra7 {[%emt 0:00:06]} 44. Ke3 {[%emt 0:01:00]} b5 {[%emt 0:00:09]} 45. Ra1 {[%emt 0:00:11]} a4 {[%emt 0:00:20]} 46. Kd3 {[%emt 0:00:22]} a3 {[%emt 0:01:33]} 47. Kc3 {[%emt 0:00:53]} Ra4 {[%emt 0:00:11]} 48. Kb3 {[%emt 0:00:04]} Rxf4 {[%emt 0:00:11]} 49. Rxa3 {[%emt 0:00:18]} Rf3+ {[%emt 0:00:19]} 50. Kb4 {[%emt 0:00:18]} Rxa3 {[%emt 0:00:07]} 51. Kxa3 {[%emt 0:00:16]} Kd7 {[%emt 0:00:03]} 52. Kb4 {[%emt 0:00:23]} Kc6 {[%emt 0:00:06]} 0-1

[Event "2nd Kalyan Dombivali 2019"]
[Site "Kalyan"]
[Date "2019.01.30"]
[Round "2.18"]
[White "Chhabra, Aakash"]
[Black "Kshirsagar, Nimesh Dinesh"]
[Result "1-0"]
[WhiteElo "1620"]
[BlackElo "1257"]
[Annotator "NA RC"]
[PlyCount "99"]
[EventDate "2019.01.28"]
[EventType "swiss"]
[EventRounds "10"]
[EventCountry "IND"]
[SourceTitle "playchess.com"]
[Source "ChessBase"]
[SourceQuality "1"]
[TimeControl "5400+30"]

1. d4 {[%emt 0:00:00]} Nf6 {[%emt 0:00:00]} 2. Bg5 {[%emt 0:00:00]} d5 {[%emt 0:00:00]} 3. e3 {[%emt 0:00:00]} e6 {[%emt 0:00:29]} 4. Bd3 {[%emt 0:00:00]} Be7 {[%emt 0:00:58]} 5. Nf3 {[%emt 0:00:05]} c6 {[%emt 0:03:13]} 6. O-O {[%emt 0:00:11]} O-O {[%emt 0:00:55]} 7. Nbd2 {[%emt 0:00:06]} h6 {[%emt 0:01:36]} 8. Bh4 {[%emt 0:00:10]} Nbd7 {[%emt 0:03:40]} 9. c3 {[%emt 0:00:10]} b6 {[%emt 0:00:59]} 10. Bg3 {[%emt 0:05:20]} Bb7 {[%emt 0:04:34]} 11. Qe2 {[%emt 0:00:38]} c5 {[%emt 0:04:57]} 12. Ne5 {[%emt 0:05:02]} c4 {[%emt 0:06:20]} 13. Bc2 {[%emt 0:00:36]} Nxe5 {[%emt 0:02:04]} 14. Bxe5 {[%emt 0:00:31]} Bd6 {[%emt 0:01:18]} 15. Bxf6 {[%emt 0:02:34]} Qxf6 {[%emt 0:00:49]} 16. e4 {[%emt 0:00:28]} Qe7 {[%emt 0:07:00]} 17. e5 {[%emt 0:01:58]} Bc7 {[%emt 0:00:06]} 18. f4 {[%emt 0:00:59]} f6 {[%emt 0:01:49]} 19. exf6 {[%emt 0:00:48]} Rxf6 {[%emt 0:01:41]} 20. g3 {[%emt 0:00:14]} Bc6 {[%emt 0:02:14]} 21. Rae1 {[%emt 0:01:50]} b5 {[%emt 0:05:23]} 22. Nf3 {[%emt 0:03:46]} Be8 {[%emt 0:03:18]} 23. Ne5 {[%emt 0:07:18]} Bxe5 {[%emt 0:04:22]} 24. Qxe5 {[%emt 0:01:44]} Qd7 {[%emt 0:01:42]} 25. g4 {[%emt 0:01:38]} Bg6 {[%emt 0:03:39]} 26. Bxg6 {[%emt 0:05:08]} Rxg6 {[%emt 0:00:24]} 27. Qh5 {[%emt 0:00:55]} Qf7 {[%emt 0:07:16]} 28. f5 {[%emt 0:03:14]} Rf6 {[%emt 0:04:42]} 29. Qxf7+ {[%emt 0:01:29]} Kxf7 {[%emt 0:00:40]} 30. fxe6+ {[%emt 0:00:07]} Ke7 {[%emt 0:00:17]} 31. Rxf6 {[%emt 0:00:49]} gxf6 {[%emt 0:00:41]} 32. Kg2 {[%emt 0:01:07]} Re8 {[%emt 0:02:35]} 33. Kg3 {[%emt 0:03:14]} Kd6 {[%emt 0:03:25]} 34. Kh4 {[%emt 0:01:18]} Ke7 {[%emt 0:00:32]} 35. h3 {[%emt 0:04:51]} Kf8 {[%emt 0:03:13]} 36. e7+ {[%emt 0:00:51]} Kf7 {[%emt 0:00:07]} 37. Kh5 {[%emt 0:07:21]} a5 {[%emt 0:06:25]} 38. a3 {[%emt 0:00:49]} Kg7 {[%emt 0:00:43]} 39. h4 {[%emt 0:04:42]} Kf7 {[%emt 0:00:18]} 40. g5 {[%emt 0:01:46]} hxg5 {[%emt 0:00:41]} 41. hxg5 {[%emt 0:01:07]} fxg5 {[%emt 0:01:27]} 42. Kxg5 {[%emt 0:00:09]} Rxe7 {[%emt 0:00:44]} 43. Rxe7+ {[%emt 0:00:09]} Kxe7 {[%emt 0:00:11]} 44. Kf5 {[%emt 0:00:06]} Kd6 {[%emt 0:00:38]} 45. Kf6 {[%emt 0:00:09]} a4 {[%emt 0:05:15]} 46. Kf5 {[%emt 0:00:23]} Kd7 {[%emt 0:00:24]} 47. Ke5 {[%emt 0:00:07]} Kc6 {[%emt 0:00:05]} 48. Ke6 {[%emt 0:00:06]} Kc7 49. Kxd5 {[%emt 0:00:06]} Kd7 {[%emt 0:00:11]} 50. Kc5 {[%emt 0:00:09]} 1-0

[Event "2nd Kalyan Dombivali 2019"]
[Site "Kalyan"]
[Date "2019.01.30"]
[Round "2.19"]
[White "Parkar, Mandar"]
[Black "Shivshankar, Iyer S"]
[Result "0-1"]
[WhiteElo "1239"]
[BlackElo "1619"]
[Annotator "NA RC"]
[PlyCount "60"]
[EventDate "2019.01.28"]
[EventType "swiss"]
[EventRounds "10"]
[EventCountry "IND"]
[SourceTitle "playchess.com"]
[Source "ChessBase"]
[SourceQuality "1"]
[TimeControl "5400+30"]

1. e4 {[%emt 0:00:00]} c5 {[%emt 0:00:00]} 2. Nc3 {[%emt 0:02:00]} Nc6 {[%emt 0:00:00]} 3. g3 {[%emt 0:01:49]} g6 {[%emt 0:01:08]} 4. Bg2 {[%emt 0:02:14]} Bg7 {[%emt 0:00:07]} 5. Nge2 {[%emt 0:02:28]} d6 {[%emt 0:02:26]} 6. h3 {[%emt 0:05:52]} Bd7 {[%emt 0:03:37]} 7. O-O {[%emt 0:05:12]} h5 {[%emt 0:10:17]} 8. d3 {[%emt 0:08:10]} a6 {[%emt 0:04:26]} 9. Nd5 {[%emt 0:09:04]} e6 {[%emt 0:05:17]} 10. Ne3 {[%emt 0:01:29]} Nge7 {[%emt 0:01:22]} 11. Kh2 {[%emt 0:04:16]} Qc7 {[%emt 0:00:37]} 12. f4 {[%emt 0:04:05]} f5 {[%emt 0:03:56]} 13. h4 {[%emt 0:06:34]} O-O-O {[%emt 0:01:48]} 14. c4 {[%emt 0:10:20]} Be8 {[%emt 0:07:39]} 15. Rb1 {[%emt 0:10:16]} Bf7 {[%emt 0:00:52]} 16. Bd2 {[%emt 0:02:24]} fxe4 {[%emt 0:04:10]} 17. dxe4 {[%emt 0:00:35]} d5 {[%emt 0:03:52]} 18. cxd5 {[%emt 0:02:43]} exd5 {[%emt 0:00:05]} 19. e5 {[%emt 0:02:00]} d4 {[%emt 0:00:19]} 20. Bh3+ {[%emt 0:02:11]} Kb8 {[%emt 0:00:04]} 21. Ng2 {[%emt 0:02:10]} Bd5 {[%emt 0:03:42]} 22. a3 {[%emt 0:01:09]} b6 {[%emt 0:04:28]} 23. Ne1 {[%emt 0:03:37]} Be4 {[%emt 0:11:08]} 24. Ra1 {[%emt 0:01:16]} Nd5 {[%emt 0:03:04]} 25. Nf3 {[%emt 0:01:53]} Bh6 {[%emt 0:09:25]} 26. Nc1 {[%emt 0:03:42]} Rhe8 {[%emt 0:02:17]} 27. Re1 {[%emt 0:01:39]} Bxf3 {[%emt 0:01:46]} 28. Qxf3 {[%emt 0:00:04]} Nxe5 {[%emt 0:00:20]} 29. Qb3 {[%emt 0:02:01]} c4 {[%emt 0:00:39]} 30. Qa4 {[%emt 0:00:44]} Nf3+ {[%emt 0:00:07]} 0-1

[Event "2nd Kalyan Dombivali 2019"]
[Site "Kalyan"]
[Date "2019.01.30"]
[Round "2.20"]
[White "Akshit, Jha"]
[Black "Aditi, Yogesh Kayal"]
[Result "1-0"]
[WhiteElo "1604"]
[BlackElo "1251"]
[Annotator "NA RC"]
[PlyCount "57"]
[EventDate "2019.01.28"]
[EventType "swiss"]
[EventRounds "10"]
[EventCountry "IND"]
[SourceTitle "playchess.com"]
[Source "ChessBase"]
[SourceQuality "1"]
[TimeControl "5400+30"]

1. e4 {[%emt 0:01:12]} e6 {[%emt 0:00:00]} 2. Nf3 {[%emt 0:00:05]} d5 {[%emt 0:00:00]} 3. Nc3 {[%emt 0:00:05]} d4 {[%emt 0:00:01]} 4. Ne2 {[%emt 0:00:05]} c5 {[%emt 0:00:19]} 5. c3 {[%emt 0:00:04]} Nf6 {[%emt 0:00:28]} 6. e5 {[%emt 0:00:11]} Nfd7 {[%emt 0:00:16]} 7. cxd4 {[%emt 0:02:30]} cxd4 {[%emt 0:00:13]} 8. Nexd4 {[%emt 0:02:02]} Nxe5 {[%emt 0:00:13]} 9. Bb5+ {[%emt 0:00:28]} Ned7 {[%emt 0:03:05]} 10. O-O {[%emt 0:01:16]} Bc5 {[%emt 0:00:26]} 11. Nb3 {[%emt 0:00:49]} Bb6 {[%emt 0:00:43]} 12. d4 {[%emt 0:00:10]} O-O {[%emt 0:00:28]} 13. Bg5 {[%emt 0:01:51]} Nf6 {[%emt 0:02:42]} 14. Ne5 {[%emt 0:02:22]} a6 {[%emt 0:01:58]} 15. Be2 {[%emt 0:01:59]} Bc7 {[%emt 0:00:38]} 16. Qc2 {[%emt 0:01:09]} Nbd7 {[%emt 0:00:52]} 17. f4 {[%emt 0:03:41]} Bb6 {[%emt 0:02:25]} 18. Kh1 {[%emt 0:07:39]} Qc7 {[%emt 0:00:33]} 19. Qd3 {[%emt 0:01:26]} Nxe5 {[%emt 0:01:56]} 20. fxe5 {[%emt 0:00:49]} Nd5 {[%emt 0:01:46]} 21. Qe4 {[%emt 0:02:24]} Qd7 {[%emt 0:04:30]} 22. Bd3 {[%emt 0:01:35]} g6 {[%emt 0:00:48]} 23. Qh4 {[%emt 0:02:41]} Bd8 {[%emt 0:01:16]} 24. Bf6 {[%emt 0:00:05]} Bxf6 {[%emt 0:01:26]} 25. exf6 {[%emt 0:00:06]} Kh8 {[%emt 0:00:43]} 26. Rf3 {[%emt 0:00:20]} Qd8 {[%emt 0:01:15]} 27. Raf1 {[%emt 0:00:17]} Rg8 {[%emt 0:02:20]} 28. Qxh7+ {[%emt 0:00:18]} Kxh7 {[%emt 0:01:02]} 29. Rh3# 1-0

[Event "2nd Kalyan Dombivali 2019"]
[Site "Kalyan"]
[Date "2019.01.30"]
[Round "3"]
[White "Kulkarni, Vikramaditya"]
[Black "Balkawade Sai"]
[Result "1-0"]
[WhiteElo "2345"]
[BlackElo "1482"]
[Annotator "TA"]
[PlyCount "83"]
[EventDate "2019.01.28"]
[EventType "swiss"]
[EventRounds "10"]
[EventCountry "IND"]
[SourceTitle "playchess.com"]
[Source "ChessBase"]
[SourceQuality "1"]

{[%evp 9,83,9,65,68,61,17,16,18,20,-19,-6,-22,29,29,27,27,35,33,55,60,60,60,64,56,72,58,73,82,158,177,158,164,191,135,145,142,134,144,134,135,135,134,134,134,135,135,148,148,141,137,181,181,181,181,189,189,272,272,426,327,1316,1353,1237,1227,1000,889,698,535,5531,2551,3412,1897,29990,29991,29991,29992]} 1. c4 e5 2. Nc3 Nc6 3. Nf3 f5 4. d4 e4 5. Nd2 Nxd4 (5... Nf6 $11) (5... Nf6 6. e3 g6 7. Be2 Bg7 8. O-O O-O 9. Rb1 a5 10. a3 d6 11. b4 axb4 12. axb4 Ne7 13. d5 g5 14. Bb2 Ng6 15. c5 {½-½ (44) Agdestein,S (2583)-Caruana,F (2630) Amsterdam 2008}) 6. Ndxe4 $1 $14 {Hoping for Bg5. A27: English Opening: Three Knights Variation} Nc6 7. Ng5 $146 ({Predecessor:} 7. Ng3 d6 8. e3 Be6 9. Bd3 g6 10. b3 Bg7 11. Bb2 Qd7 12. O-O Nf6 13. Qd2 {1-0 (60) Carlsen,M-Sannes,H Gausdal 2000}) 7... Nf6 8. g3 {The position is equal.} Bb4 9. Bg2 h6 10. Nh3 O-O (10... Bxc3+ $142 11. bxc3 O-O) 11. Bd2 $11 d6 12. Nf4 Kh7 13. O-O Re8 14. Nfd5 Bxc3 15. Bxc3 ({Don't play} 15. bxc3 Ne4 $11) 15... Ne4 16. Rc1 Be6 17. b4 Nxc3 18. Rxc3 Bxd5 ({Black should play} 18... Ne5) 19. cxd5 $16 Ne5 20. Qc2 Rf8 21. Rxc7 (21. f4 $18 Ng4 22. h3 (22. Rxc7 Rc8 $16)) 21... Rc8 22. Rc1 Rxc7 23. Qxc7 Qxc7 24. Rxc7 Rf7 25. Rxf7 Nxf7 {[%mdl 4096] Endgame KB-KN} 26. f4 Kg6 27. Kf2 Kf6 28. Ke3 Nh8 29. Kd4 Ng6 30. h4 Ne7 31. h5 Nc8 32. Bh3 Nb6 (32... Ne7 {was called for.} 33. g4 g6 34. hxg6 Kxg6 35. gxf5+ Nxf5+ 36. Kd3 Nh4) 33. g4 $18 fxg4 (33... Na4 {is a better defense.} 34. gxf5 Kf7) 34. Bxg4 g5 $2 {[#]} (34... Ke7 35. e4 Na8) 35. hxg6 $1 Kxg6 36. e4 Kf6 37. e5+ Ke7 38. Be2 Na4 39. f5 {[#] f6+ would kill now.} dxe5+ 40. Kxe5 {White wants to mate with d6+.} Nc3 41. f6+ Kf8 42. d6 {Accuracy: White = 86%, Black = 29%.} 1-0

[Event "2nd Kalyan Dombivali 2019"]
[Site "Kalyan"]
[Date "2019.01.30"]
[Round "3"]
[White "Saurabh Anand"]
[Black "Thube, Nimish"]
[Result "1-0"]
[WhiteElo "2210"]
[BlackElo "1462"]
[Annotator "TA"]
[PlyCount "110"]
[EventDate "2019.01.28"]
[EventType "swiss"]
[EventRounds "10"]
[EventCountry "IND"]
[SourceTitle "playchess.com"]
[Source "ChessBase"]
[SourceQuality "1"]

{[%evp 17,110,14,32,29,68,40,59,56,54,68,78,67,71,70,77,73,211,164,174,152,244,242,246,246,398,387,711,716,649,643,860,834,722,668,1104,1102,1042,949,922,907,822,762,729,729,719,718,676,651,712,828,807,798,808,806,849,789,784,768,722,699,1053,1027,1014,1008,994,1001,996,946,1079,1067,29970,12817,29971,29973,29984,29985,29985,29986,29984,29985,29989,29990,29991,29992,29992,29993,29993,29989,29989,29990,29990,29991,29991,29992,29992]} 1. e4 e6 2. d4 d5 3. Nc3 Nf6 4. e5 Nfd7 5. f4 c5 6. Nf3 Nc6 7. Be3 cxd4 $146 ({Predecessor:} 7... a6 8. Qd2 cxd4 {1-0 (36) Zelcic,R (2509)-Pandurevic,M (2263) Hum na Sutli 2018}) 8. Nxd4 a6 9. Qd2 Bb4 10. a3 {C11: French: Classical System: 4 e5 and 4 Bg5 dxe4} Qa5 11. Nb3 Bxc3 $1 12. bxc3 {White is slightly better.} Qc7 13. Bd3 Na5 14. Bd4 Nc4 ({Predecessor:} 14... Nc6 15. O-O Nxd4 16. cxd4 f5 17. a4 a5 {1-0 (36) Zelcic,R (2509)-Pandurevic,M (2263) Hum na Sutli 2018}) 15. Qf2 Nb2 16. O-O Na4 {[#]} (16... Nxd3 $16 17. cxd3 O-O) 17. f5 $1 $18 {[%cal Rf5e6]} Nf8 18. Qg3 g6 (18... Rg8 $16 {might work better.} 19. Rae1 Bd7) 19. fxg6 hxg6 20. Rf6 b6 $2 (20... Bd7 {was necessary.} 21. Raf1 Bb5 22. Bxb5+ axb5 23. Rxf7 (23. Qd3 Rh7 $16) 23... Qxf7) 21. Raf1 Rh7 $2 {[#]} (21... Ra7 22. Rxf7 Qxf7) 22. Bxg6 $1 {[%mdl 512]} Nxg6 (22... fxg6 23. Rxf8+) 23. Rxg6 Qe7 24. Rg8+ Kd7 25. h3 Nc5 26. Bxc5 bxc5 27. Qd3 Rh5 28. Rg7 Ke8 29. Rfxf7 Qxf7 30. Rxf7 Kxf7 31. g4 Rh6 32. Qe3 Rg6 33. Qxc5 Bd7 34. Qc7 Ke8 35. Nc5 Rd8 36. Nb7 Ra8 37. Kh2 Rg7 38. Kg3 Kf8 39. Nc5 Ke8 40. Nxd7 Rxd7 {[%mdl 4096] Endgame KQ-KRR} 41. Qc6 {[%mdl 64] Double Attack} Raa7 42. Qxe6+ Kf8 43. Qf6+ Kg8 44. e6 Re7 45. h4 {White mates.} Rg7 46. g5 Ra8 47. h5 Rf8 48. Qe5 Kh7 49. g6+ Kg8 50. e7 Re8 51. Qe6+ Kh8 52. h6 Rgxe7 53. Qf6+ Kg8 54. h7+ Rxh7 55. gxh7+ Kxh7 {Accuracy: White = 99%, Black = 26%.} 1-0